សិក្សាអំពីប្រព័ន្ឋក្សេត្របរិស្ដានដំណាំស្រូវនៅកម្ពុជា (Record no. 177)

000 -LEADER
fixed length control field 00536nam a22001577a 4500
003 - CONTROL NUMBER IDENTIFIER
control field OSt
005 - DATE AND TIME OF LATEST TRANSACTION
control field 20150909162236.0
008 - FIXED-LENGTH DATA ELEMENTS--GENERAL INFORMATION
fixed length control field 150909b xxu||||| |||| 00| 0 eng d
040 ## - CATALOGING SOURCE
Transcribing agency RUA
082 ## - DEWEY DECIMAL CLASSIFICATION NUMBER
Classification number AGR យី​ 1994 B0011 Or.1
100 ## - MAIN ENTRY--PERSONAL NAME
9 (RLIN) 197
Personal name យី​ ប៊ុនហាក់
245 ## - TITLE STATEMENT
Title សិក្សាអំពីប្រព័ន្ឋក្សេត្របរិស្ដានដំណាំស្រូវនៅកម្ពុជា
260 ## - PUBLICATION, DISTRIBUTION, ETC. (IMPRINT)
Place of publication, distribution, etc. RUA
Name of publisher, distributor, etc. phnom penh
300 ## - PHYSICAL DESCRIPTION
Extent 191p.
Dimensions ill.
Size of unit 29cm.
942 ## - ADDED ENTRY ELEMENTS (KOHA)
Source of classification or shelving scheme
Koha item type AGR
Holdings
Price effective from Date last seen Permanent Location Not for loan Date acquired Source of classification or shelving scheme Koha item type Barcode Lost status Damaged status Withdrawn status Current Location Full call number
2015-09-092015-09-09Library Block B 2015-09-09 AGRRUA005095   Library Block BAGR យី​ 1994 B0011 Or.1
2015-09-092015-09-09Library Block B 2015-09-09 AGRRUA005239   Library Block BAGR យី​ 1994 B0011 Or.2
2015-09-092015-09-09Library Block B 2015-09-09 AGRRUA005167   Library Block BAGR យី​ 1994 B0011 Or.3
2015-09-092015-09-09Library Block B 2015-09-09 AGRRUA005888   Library Block BAGR យី​ 1994 B0011 Or.4
2016-05-192016-05-19Library Block B 2016-05-19 AGRRUA035372   Library Block BAGR យី​ 1994 B0011 Or.5
មជ្ឈមណ្ឌលឯការនៃសាកលវិទ្យាល័យភូមិន្ទកសិកម្មចំការដូង

Powered by Koha